Star Trek Deep Space 9 Minor Characters Quiz Stats

 Plays Quiz not verified by Sporcle

Support Sporcle.
Go Orange.
Score 0/43 Timer 08:00
0 Plays Today
Number of Appearances Character Name % Correct
Main CharacterBenjamin Sisko
99.2%
Main CharacterOdo
98.2%
Main CharacterMiles OBrien
98%
Main CharacterKira Nerys
97.7%
Main CharacterWorf
97.7%
Main CharacterJulian Bashir
97.3%
Main CharacterQuark
97%
Main CharacterJake Sisko
95.8%
Main CharacterJadzia Dax
95.8%
44Nog
95.3%
35Rom
94.3%
35Dukat
92.2%
Main CharacterEzri Dax
90.8%
33Elim Garak
87.6%
92Morn
84.6%
14Winn Adami
82.3%
19Keiko OBrien
81.1%
24Weyoun
79%
24Martok
77.1%
11Molly OBrien
76.1%
23Damar
72%
16Leeta
71%
Number of Appearances Character Name % Correct
7Zek
71%
15Female Changeling
69.6%
7Gowron
68.9%
8Bareil
68.6%
8Brunt
64.3%
5Ishka (Moogie)
63.3%
4Opaka
59.8%
15Kasidy Yates
57.1%
9Eddington
53.9%
12William Ross
49.7%
4Enabran Tain
48.6%
9Tora Ziyal
46.2%
6Joseph Sisko
46.2%
5Kirayoshi OBrien
45.7%
10Vic Fontaine
44.6%
4Jennifer Sisko
31.4%
76Broik
29.2%
5Sarah Sisko
29.2%
7Maihardu
22.7%
22M'Pella (dabo girl)
19.7%
4Gor
18.9%

You're not logged in!

Compare scores with friends on all Sporcle quizzes.
OR
Log In

From the Vault

Who's Watching the Children?

by katesutton

Being that they're in a movie, everyone is.
Remove Ads.
Support Sporcle.
Get the best of Sporcle when you Go Orange. This ad-free experience offers more features, more stats, and more fun while also helping to support Sporcle. Thank you for becoming a member.

Show Comments

Extras

Top Quizzes Today


Score Distribution

Your Account Isn't Verified!

In order to create a playlist on Sporcle, you need to verify the email address you used during registration. Go to your Sporcle Settings to finish the process.

Report this User

Report this user for behavior that violates our Community Guidelines.

Details: